000 00579nam a2200181 i 4500
001 69653
003 ES-MaACL
005 20230906170552.0
007 t|
008 040708s1904 sp ||||1| spa d
100 1 _aGarcía Fraguas, José Esteban (
_d1870-1908)
_954620
245 1 5 _a[Los institutos de mecanoterapia /
_cJosé Esteban García Fraguas].
260 _a[Madrid :
_bs.n.,
_c1904]
300 _a45 p. :
_bil. ;
_c25 cm.
500 _aEjemplar falto de portada.
650 4 _aGimnasia médica.
_9152898
852 _aES-MaACL
_jT-1054-F-4
_q. - Ded. autógr. del autor
999 _c69653
_d69653